000 00284nam a2200121Ia 4500
008 190216s9999||||xx |||||||||||||| ||und||
100 _aChesterton
245 4 _aThe Incredulity Of Father Brown
260 _bPenguin Books
_c1970
300 _a191p
650 _aSpeeches
942 _cBK
999 _c12297
_d12297